4 Letter Sport Teams - Statistics

General Stats
  • This quiz has been taken 172 times
    162 since last reset
  • The average score is 9 of 12
Answer Stats
Hint Answer % Correct
NFL New York Jets
93%
NHL Winnipeg Jets
93%
NBA Miami Heat
82%
MLB Cincinnati Reds
79%
NFL Los Angeles Rams
78%
MLB Chicago Cubs
75%
NBA Brooklyn Nets
74%
NBA Utah Jazz
72%
MLB Tampa Bay Rays
69%
MLB New York Mets
68%
NBA Phoenix Suns
68%
NHL Minnesota Wild
58%
No matching quizzes found
Score Distribution
Percent of People with Each Score
Percentile by Number Answered
Your Score History
You have not taken this quiz since the last reset